| 000 -LEADER |
| fixed length control field |
01045nam a22001937a 4500 |
| 005 - DATE AND TIME OF LATEST TRANSACTION |
| control field |
20251204083109.0 |
| 008 - FIXED-LENGTH DATA ELEMENTS--GENERAL INFORMATION |
| fixed length control field |
251204b ||||| |||| 00| 0 eng d |
| 020 ## - INTERNATIONAL STANDARD BOOK NUMBER |
| International Standard Book Number |
9781760654924 |
| 040 ## - CATALOGING SOURCE |
| Transcribing agency |
KH8 |
| 082 ## - DEWEY DECIMAL CLASSIFICATION NUMBER |
| Classification number |
741.5 MIL |
| 100 ## - MAIN ENTRY--PERSONAL NAME |
| Personal name |
Miller,Kayla |
| Relator term |
Author |
| 245 ## - TITLE STATEMENT |
| Title |
CAMP |
| 260 ## - PUBLICATION, DISTRIBUTION, ETC. |
| Place of publication, distribution, etc. |
Locked Bag 22,Newton,NSW 2024 Australia |
| Name of publisher, distributor, etc. |
Walker Books Australia Pty Ltd |
| Date of publication, distribution, etc. |
2022 |
| 300 ## - PHYSICAL DESCRIPTION |
| Extent |
207 pages |
| Other physical details |
Colour illustration |
| Dimensions |
14 cm x 20 cm |
| 520 ## - SUMMARY, ETC. |
| Summary, etc. |
"Olive and Willow are happy campers! Or are they? Olive is sure she'll have the best time at summer camp with her friend Willow - but while Olive makes quick friends with the other campers, Willow struggles to form connections and latches on to the only person she knows - Olive. It's s'more than Olive can handle! The stress of being Willow's living security blanket begins to wear on Olive and before long ... the girls aren't just fighting, they may not even be friends by the time camp is over. |
| 650 ## - SUBJECT ADDED ENTRY--TOPICAL TERM |
| Source of heading or term |
Juvenile Fiction |
| Topical term or geographic name entry element |
Juvenile Fiction |
| 655 ## - INDEX TERM--GENRE/FORM |
| Genre/form data or focus term |
Friendship |
| 942 ## - ADDED ENTRY ELEMENTS (KOHA) |
| Source of classification or shelving scheme |
|
| Koha item type |
Graphic Novel |